| 000 | 00730nam a2200229 a 4500 | ||
|---|---|---|---|
| 001 | 71068 | ||
| 003 | BD-RjUL | ||
| 005 | 20211209082056.0 | ||
| 008 | 170424s1957 enka b 000 0 eng d | ||
| 035 | _a(BD-RjUL) | ||
| 040 |
_aColumbia Univ. Libraries _cWSU _dSER _dBD-RjUL _beng |
||
| 041 | _aeng | ||
| 082 |
_223 _bLES 1957 _a306.697 |
||
| 100 | 1 | 0 |
_aLevy, Reuben. _9165730 |
| 245 | 1 | 4 |
_aThe social structure of Islam : _bbeing the second edition of The sociology of Islam / _cby Reuben Levy |
| 250 | _a2nd ed. | ||
| 260 |
_aCambridge : _bCambridge University Press, _c1957. |
||
| 300 |
_avii, 536 p. : _bill. ; _c22 cm. |
||
| 504 | _aIncludes Bibliography and index. | ||
| 650 | 0 |
_aIslamic sociology. _9123239 |
|
| 942 |
_2ddc _cBK |
||
| 999 |
_c71068 _d71068 |
||